000
00190 a2200097 4500
020
_a
9780545347471
041
_a
eng
100
_a
Scholastic
245
_a
A little book of Slime
942
_c
BK
999
_c
30392
_d
30390